| 000 | 00496nam a2200193Ia 4500 | ||
|---|---|---|---|
| 005 | 20250326143320.0 | ||
| 008 | 250326s9999 xx 000 0 und d | ||
| 037 | _aTextbook | ||
| 040 |
_aFMSL _beng _cFMSL |
||
| 041 |
_aeng _2eng |
||
| 084 |
_aX:8D.1 P3 _qFMSL |
||
| 100 | _aVij Madhu | ||
| 245 | 0 |
_aInternational ficial management _cVij Madhu |
|
| 250 | _a2 | ||
| 260 |
_aDelhi _bDelhi, Excel _c2003 |
||
| 300 | _a668p | ||
| 942 |
_cTB _hX:8D.1 P3 |
||
| 999 |
_c1299042 _d1299042 |
||